• 首页
  • 本馆介绍
  • 公告通知
  • 最新文献
  • 馆藏检索
  • 电子资源
  • 读者导购
  • 参考咨询
  • 我的图书馆
  • 登录
  • 详细信息显示
  • 放入我的书架
  • 预约/预借图书
  • 作者相关作品
  • 分类相关作品
  • 丛书相关作品
  • 出版社相关作品

书目信息

  • 表格格式
  • 工作单格式
  • 卡片格式
题名:
共创式教练
    
 
作者: 吉姆斯-霍斯 , 吉姆斯-霍斯 , 桑达尔 著 ;王宇 译
分册:  
出版信息: 北京   电子工业出版社  2018
页数: XIV, 212页
开本: 24cm
丛书名:
单 册:
中图分类: C975
科图分类:
主题词: 职业培训--zhi ye pei xun
电子资源:
ISBN: 978-7-121-33893-9
000 01889nam0 2200337 450
001 012001007507
005 20191028170543.12
010    @a978-7-121-33893-9@dCNY56.00
099    @aCAL 012018072637
100    @a20180619d2018 em y0chiy50 ea
101 1  @achi@ceng
102    @aCN@b110000
105    @aa z 000yy
106    @ar
200 1  @a共创式教练@Agong chuang shi jiao lian@e转变思维, 蜕变人生@f(美)亨利·吉姆斯-霍斯 ... [等] 著@d= Co-active coaching@echanging business, transforming lives@fHenry Kimsey-House ... [等]@g王宇译@zeng
205    @a第2版
210    @a北京@c电子工业出版社@d2018
215    @aXIV, 212页@c图@d24cm
304    @a著者还有:(美) 凯伦·吉姆斯-霍斯(Karen Kimsey-House)、(美) 菲利普·桑达尔(Phillip Sandahl)、(美) 劳拉·惠特沃思(Laura Whitworth)
306    @a由Nicholas Brealey Publishing授权电子工业出版独家出版发行
330    @a本书被全球销量过百万的畅销书《高效能人士的七个习惯》的作者史蒂芬·柯维誉为“教练技术指导的圣经”,被《纽约时报》畅销书作者马歇尔·戈德史密斯誉为”每位渴望成功的经理和员工的必读物”。此次第3版扩展了原有的共创式模型,该模型自1998年问世后很快就享誉全球,并最终衍变为一个教练培训机构。本书内容丰富,包含了大量新鲜的教练指导案例、前沿的教练术语,以及一个拓展的、网络版的”教练工具包”,这其中包括35个练习、问卷调查、核对表和可重复利用的表格。此次修订除了正文重新梳理外,版式也做了更新。
500 10 @aCo-active coaching : changing business, transforming lives@mChinese
517 1  @a转变思维, 蜕变人生@Azhuan bian si wei , tui bian ren sheng
606 0  @a职业培训@Azhi ye pei xun
690    @aC975@v5
701  1 @a吉姆斯-霍斯@Aji mu si - huo si@g(Kimsey-House, Henry)@4著
701  1 @a吉姆斯-霍斯@Aji mu si - huo si@g(Kimsey-House, Karen)@4著
701  1 @a桑达尔@Asang da er@g(Sandahl, Phillip)@4著
702  0 @a王宇@Awang yu@4译
801  2 @aCN@b上海新华@c20191020
905    @b1176950-3@dC975@e128=2@f4
    
    共创式教练:转变思维, 蜕变人生/(美)亨利·吉姆斯-霍斯 ... [等] 著= Co-active coaching:changing business, transforming lives/Henry Kimsey-House ... [等]/王宇译.-第2版.-北京:电子工业出版社,2018
    XIV, 212页:图;24cm
    
    
    ISBN 978-7-121-33893-9:CNY56.00
    本书被全球销量过百万的畅销书《高效能人士的七个习惯》的作者史蒂芬·柯维誉为“教练技术指导的圣经”,被《纽约时报》畅销书作者马歇尔·戈德史密斯誉为”每位渴望成功的经理和员工的必读物”。此次第3版扩展了原有的共创式模型,该模型自1998年问世后很快就享誉全球,并最终衍变为一个教练培训机构。本书内容丰富,包含了大量新鲜的教练指导案例、前沿的教练术语,以及一个拓展的、网络版的”教练工具包”,这其中包括35个练习、问卷调查、核对表和可重复利用的表格。此次修订除了正文重新梳理外,版式也做了更新。
●
相关链接 在E读中查询图书 在五车中查询图书 在当当中查询图书 在豆瓣中查询图书


正题名:共创式教练     索取号:C975/128=2         预约/预借

序号 登录号 条形码 馆藏地/架位号 状态 备注
1 1176950   211769503   第一样本阅览室/ [索取号:C975/128=2] 在馆    
2 1176951   211769512   第一借阅区/ [索取号:C975/128=2] 在馆    
3 1176952   211769521   第一借阅区/ [索取号:C975/128=2] 在馆    
4 1176953   211769530   第一借阅区/ [索取号:C975/128=2] 在馆    
唐山师范学院图书馆 欢迎您!
大连网信软件有限公司© 版权所有